Statistiques concernant Prénoms féminins les plus donnés en 2010

Cliquez ici pour prendre le quiz!

Statistiques générales

  • Ce quiz a été pris 28 fois
  • Le résultat moyen est 53 sur 100

Statistiques - réponses

Hint Answer % Correct
CChloé
94%
LLéa
94%
ZZoé
94%
JJulie
94%
LLou
94%
LLouise
94%
EEmma
88%
CCamille
88%
MManon
81%
PPauline
81%
JJuliette
75%
AAnna
75%
AAlice
75%
JJeanne
75%
RRomane
75%
IInes
75%
MMarie
69%
MMargot
69%
JJade
69%
EÉléna
69%
CClara
69%
CCharlotte
69%
HHéloïse
69%
VValentine
69%
NNoémie
69%
MMargaux
69%
EÉloïse
69%
CClémence
69%
EÉlise
69%
LLilou
63%
EEva
63%
LLily
63%
LLuna
63%
EEmilie
63%
MMarion
63%
LLouna
63%
LLina
63%
SSara
63%
JJustine
63%
LLucie
63%
LLisa
63%
SSarah
63%
LLéna
63%
NNina
63%
LLise
56%
IIris
56%
MMathilde
56%
CCélia
56%
EÉlisa
56%
OOlivia
56%
CClémentine
56%
EEmy
56%
AAlicia
56%
LLaura
56%
VVictoria
56%
LLéana
56%
MMaëlle
56%
AAmbre
56%
LLéane
50%
MMila
50%
AAmandine
50%
AAnais
50%
OOcéane
50%
MMaëva
50%
EÉléa
50%
CCloé
44%
GGabrielle
44%
LLouane
44%
AApolline
44%
IIlona
44%
LLéonie
44%
LLana
44%
MMélissa
38%
LLola
38%
CCapucine
38%
NNinon
38%
EElsa
38%
SSalomé
38%
YYasmine
31%
MMéline
31%
SSofia
31%
AAlix
31%
MMaëlys
31%
TThaïs
31%
EElla
31%
AAnaëlle
31%
CCandice
31%
EEmmy
31%
AAgathe
31%
MMorgane
25%
MMélina
25%
FFaustine
25%
CClaire
25%
EÉmeline
19%
MMaya
19%
IInaya
13%
LLyana
0%
SStella
0%
AAya
0%
AAssia
0%

Distribution des résultats

Percentile by Number Answered

% des personnes avec chaque résultat

Votre développement - résultats

Vous n’avez pas pris ce quiz